Introduction to semiconductor devices : (Record no. 9448)

MARC details
000 -LEADER
fixed length control field 01372cam a22003377a 4500
001 - CONTROL NUMBER
control field 14082633
003 - CONTROL NUMBER IDENTIFIER
control field OSt
005 - DATE AND TIME OF LATEST TRANSACTION
control field 20241017104900.0
008 - FIXED-LENGTH DATA ELEMENTS--GENERAL INFORMATION
fixed length control field 050822s2005 enka b 001 0 eng d
010 ## - LIBRARY OF CONGRESS CONTROL NUMBER
LC control number 2005281273
015 ## - NATIONAL BIBLIOGRAPHY NUMBER
National bibliography number GBA3T9642
Source bnb
016 7# - NATIONAL BIBLIOGRAPHIC AGENCY CONTROL NUMBER
Record control number 011620752
Source Uk
020 ## - INTERNATIONAL STANDARD BOOK NUMBER
International Standard Book Number 0521831504
035 ## - SYSTEM CONTROL NUMBER
System control number (OCoLC)ocm53392400
040 ## - CATALOGING SOURCE
Original cataloging agency UKM
Transcribing agency must
Modifying agency BWKUK
-- OCL
-- BAKER
-- DLC
042 ## - AUTHENTICATION CODE
Authentication code ukblsr
-- lccopycat
050 00 - LIBRARY OF CONGRESS CALL NUMBER
Classification number TK7871.85
Item number .B6838 2005
082 04 - DEWEY DECIMAL CLASSIFICATION NUMBER
Classification number 621.38152
Edition number 22
100 1# - MAIN ENTRY--PERSONAL NAME
Personal name Brennan, Kevin F.,
Dates associated with a name 1956-
9 (RLIN) 19271
245 10 - TITLE STATEMENT
Title Introduction to semiconductor devices :
Remainder of title for computing and telecommunications applications /
Statement of responsibility, etc. Kevin F. Brennan.
260 ## - PUBLICATION, DISTRIBUTION, ETC. (IMPRINT)
Place of publication, distribution, etc. Cambridge :
Name of publisher, distributor, etc. Cambridge University Press,
Date of publication, distribution, etc. 2005.
300 ## - PHYSICAL DESCRIPTION
Extent xvii, 316 p. :
Other physical details ill. ;
Dimensions 26 cm.
504 ## - BIBLIOGRAPHY, ETC. NOTE
Bibliography, etc Includes bibliographical references and index.
650 #0 - SUBJECT ADDED ENTRY--TOPICAL TERM
Topical term or geographic name as entry element Semiconductors.
9 (RLIN) 13406
856 42 - ELECTRONIC LOCATION AND ACCESS
Materials specified Publisher description
Uniform Resource Identifier <a href="http://www.loc.gov/catdir/enhancements/fy0632/2005281273-d.html">http://www.loc.gov/catdir/enhancements/fy0632/2005281273-d.html</a>
856 41 - ELECTRONIC LOCATION AND ACCESS
Materials specified Table of contents only
Uniform Resource Identifier <a href="http://www.loc.gov/catdir/enhancements/fy0632/2005281273-t.html">http://www.loc.gov/catdir/enhancements/fy0632/2005281273-t.html</a>
856 42 - ELECTRONIC LOCATION AND ACCESS
Materials specified Contributor biographical information
Uniform Resource Identifier <a href="http://www.loc.gov/catdir/enhancements/fy0732/2005281273-b.html">http://www.loc.gov/catdir/enhancements/fy0732/2005281273-b.html</a>
906 ## - LOCAL DATA ELEMENT F, LDF (RLIN)
a 7
b cbc
c copycat
d 2
e ncip
f 20
g y-gencatlg
942 ## - ADDED ENTRY ELEMENTS (KOHA)
Source of classification or shelving scheme Dewey Decimal Classification
Koha item type Book Bank
Holdings
Withdrawn status Lost status Source of classification or shelving scheme Damaged status Not for loan Home library Current library Date acquired Source of acquisition Inventory number Total Checkouts Full call number Barcode Date last seen Price effective from Koha item type
    Dewey Decimal Classification     MUST Main Library MUST Main Library 17/10/2024 donation 11/33105   621.38152 BRE 2005 2024-22509 17/10/2024 17/10/2024 Book Bank